000 00863nas a2200289 4500
001 BR0902400
003 BR-BrBNA
005 20231205113336.0
007 ta
008 230509b bl.|||p| |||| 00| 00por d
040 _aBR-BrBNA
_bpor
_cBiblioteca Nacional de Agricultura
041 _a(Pt)
072 _aQ04
100 1 _aNachtigall, A.M.
100 1 _aStringheta, P.C.
100 1 _aFidelis, P.C.
100 1 _aNachtigall, F.M.
245 1 _aDeterminação do teor de luteína em hortaliças
650 _aHORTALIÇA
650 _aCAROTENÓIDE
650 _aPIGMENTO
650 _aCROMATOGRAFIA
650 _aVALOR NUTRITIVO
773 0 _tBoletim do Centro de Pesquisa e Processamento de Alimentos (Brazil)
_xISSN 0102-0323
_g(Jul-Dec 2007), v. 25(2) p. 181-192
_wBR0902400
909 _a202311
_bLúcia
_c55
_dLúcia Elande
942 _2AGRIS
_n0
_cANA
999 _c203257
_d203257